006530000a22001450004500090001400000245010600014041001300120500004500133700003500178100003200213942001300245773005800258999001700316952017400333 aARb0416810aBredin-archbold-Smithsonian biological survey of dominicasthe superfamily Scarabaeoidea (Coleoptera)0 aInglés a1 aChalumeau, Forturé E.9980741 aCartwrigth, Oscar L.998075 cARTICULO1 tSmithsonian Contributions to Zoologyh279q1-32d1978 c13266d13266 001040718HEMEROTECAaBogotabBogotad2006-11-08eTrujillo, DiegohFuera de circulaciónl0oAR 04168p023603r2015-03-25 00:00:00t1w2015-03-25xEntregadoyARTICULO